Czy znasz kontynenty z najwieksza iloscia panstw - Statystyki

Ogólne statystyki
  • Ten quiz został rozwiązany 57 razy
  • Średni wynik to 6 z 7
Statystyki odpowiedzi
Kontynent Ilosc % Poprawnych
Australia 1
94%
Europa 47
87%
Ameryka południowa 12
85%
Ameryka 24
83%
Oceania 14
79%
Afryka 54
77%
Azja 48
73%
Nie znaleziono quizów pasujących do podanych kryteriów
Rozkład punktacji
Procent ludzi z każdym wynikiem
Percentyl według liczby udzielonych odpowiedzi
Twoja historia wyników
Nie rozwiązałeś tego quizu